00822nam a22002417a 45000010005000000030006000050050017000110080041000280200018000690400029000870500014001160820010001301000018001402450041001582600040001993000047002394900017002865050008003035200204003115210020005155210020005356500025005553110FISKH20251204161718.0240207b cb ||||| |||| 00| 0 eng d a9781740898324 aFISKHbengcFISKHdFISKH aQC981.R93 a551.6 aRyan, Denise  aWeather watching /cby Ryan, Denise  aSydney :bWeldon Owen Group, c2008 a31 pages :bcolor illustrations ;c24 cm . a Top Readers aR  aThere are four different seasons every year. Read about why it snows in winter, and why the leaves change color and drop to the ground during the fall. Find out what makes a rainbow form in the sky. 8 a720 bLexile 8 aR bRaz-Plus  aweathervnon-fiction